000 00470nam a2200181Ia 4500
003 OSt
005 20240408165158.0
008 210210b xxu||||| |||| 00| 0 eng d
040 _cAL
041 _akan
082 _a859/1531
100 _aRAMAMURTI (M)
_9155820
_dರಾಮಮೂರ್ತಿ ಎಂ
245 _aAa sundariyaru
_bಆ ಸುಂದರಿಯರು
260 _aBengaluru
_b-
690 _aKannada Fiction
_9155821
906 _a022260
942 _2ddc
_cBK
999 _c146403
_d146403